000
00246nmm a2200085Ia 4500
008
220120s9999||||xx |||||||||||||||||und||
100
_a
ACM
_9
10765
245
0
_a
ACM 2006 SIGPLAN : 2005 Sigplan Conference workshop proccedi
260
_a
ACM press
_c
2006
999
_c
138620
_d
138620